书目信息 |
| 题名: |
优雅一生的33堂礼仪课
|
|
| 作者: | 姜秋月 著 ;吴继珍 绘 | |
| 分册: | ||
| 出版信息: | 北京 中国纺织出版社 2017 |
|
| 页数: | 214页 | |
| 开本: | 23cm | |
| 丛书名: | ||
| 单 册: | ||
| 中图分类: | B825-49 | |
| 科图分类: | ||
| 主题词: | 女性--修养--通俗读物 | |
| 电子资源: | ||
| ISBN: | 978-7-5180-3132-0 | |
| 000 | 01065nam0 2200241 450 | |
| 001 | 012001000984 | |
| 005 | 20140920091302.0 | |
| 010 | @a978-7-5180-3132-0@dCNY36.80 | |
| 100 | @a20170427d2017 em y0chiy0110 ea | |
| 101 | 0 | @achi |
| 102 | @aCN@b110000 | |
| 105 | @ay z 000yy | |
| 106 | @ar | |
| 200 | 1 | @a优雅一生的33堂礼仪课@f姜秋月著@g吴继珍绘 |
| 210 | @a北京@c中国纺织出版社@d2017 | |
| 215 | @a214页@d23cm | |
| 330 | @a优雅,是女人应有的一种生活态度,这样的态度源于博爱的胸怀、智慧的灵魂,以及丰盛且强大的内心,它是理性与感性的完美结合,而懂礼识仪恰是女人保持优雅的基础。华夏五千年的文明历史长卷延至今日,给我们留下了丰盛的礼仪文化,这些传统礼仪都值得中华女性去传承与发扬。在《优雅一生的33堂礼仪课》一书中,作者首次将沙画作为插图创意与时尚相结合,带领女士们走向优雅。让大家学习完整的礼仪课程,从礼仪层面提升女性素养;帮助大家从优秀走向卓越,成为领航时尚的时代女性。 | |
| 606 | 0 | @a女性@x修养@x通俗读物 |
| 690 | @aB825-49@v5 | |
| 701 | 0 | @a姜秋月@4著 |
| 702 | 0 | @a吴继珍@4绘 |
| 801 | 0 | @aCN@b上海新华@c20180901 |
| 905 | @b1155691-95@dB825-49@e1103@f5 | |
| 优雅一生的33堂礼仪课/姜秋月著/吴继珍绘.-北京:中国纺织出版社,2017 |
| 214页;23cm |
| ISBN 978-7-5180-3132-0:CNY36.80 |
| 优雅,是女人应有的一种生活态度,这样的态度源于博爱的胸怀、智慧的灵魂,以及丰盛且强大的内心,它是理性与感性的完美结合,而懂礼识仪恰是女人保持优雅的基础。华夏五千年的文明历史长卷延至今日,给我们留下了丰盛的礼仪文化,这些传统礼仪都值得中华女性去传承与发扬。在《优雅一生的33堂礼仪课》一书中,作者首次将沙画作为插图创意与时尚相结合,带领女士们走向优雅。让大家学习完整的礼仪课程,从礼仪层面提升女性素养;帮助大家从优秀走向卓越,成为领航时尚的时代女性。 |
| ● |
| 相关链接 |
|
|
|
|
正题名:优雅一生的33堂礼仪课
索取号:B825-49/1103
 
预约/预借
| 序号 | 登录号 | 条形码 | 馆藏地/架位号 | 状态 | 备注 |
| 1 | 1155691 | 211556911 | 第一样本阅览室/ [索取号:B825-49/1103] | 在馆 | |
| 2 | 1155692 | 211556920 | 第一借阅区/ [索取号:B825-49/1103] | 在馆 | |
| 3 | 1155693 | 211556939 | 第一借阅区/ [索取号:B825-49/1103] | 在馆 | |
| 4 | 1155694 | 211556948 | 第一借阅区/ [索取号:B825-49/1103] | 在馆 | |
| 5 | 1155695 | 211556957 | 第一借阅区/ [索取号:B825-49/1103] | 在馆 |